000 00634cab a2200241 4500
001 X420
008 090401t1993 xxu||||| |||| 00| 0 eng d
035 _a(Sirsi) u65516
041 _aeng
245 _aNew PPGs announced
260 _c1993
350 _a0
490 _aCS Monthly : Planning and Development bulletin
_v2(4) January 1993, 8(1)
650 _aPLANNING POLICY GUIDANCE NOTE 4
650 _aPLANNING POLICY GUIDANCE NOTE 5
650 _aPPG4
650 _aPPG5
650 _aSIMPLIFIEID PLANNING ZONES
650 _aSMALL FORMS
690 _aPLANNING LAW AND PRACTICE
942 _n0
948 _c04/03/1997
999 _c40853
_d40853